Sports Quiz

Random Sports or MLB Quiz
Score 0/30 Timer 07:00
0 Plays Today
Division Second Baseman % Correct
American League EastDustin Pedroia
95.8%
National League CentralJoe Morgan
95.8%
American League EastRoberto Alomar
91.5%
American League WestCraig Biggio
91.5%
National League CentralRyne Sandberg
85.9%
National League EastChase Utley
83.1%
American League CentralRod Carew
81.7%
National League CentralRogers Hornsby
80.3%
National League WestJackie Robinson
80.3%
American League EastBen Zobrist
74.6%
American League CentralNellie Fox
74.6%
National League WestJeff Kent
74.6%
American League CentralCharlie Gehringer
73.2%
American League CentralFrank White
71.8%
American League WestBret Boone
71.8%
Division Second Baseman % Correct
American League WestIan Kinsler
71.8%
National League CentralBill Mazeroski
71.8%
National League WestD.J. LeMahieu
66.2%
American League WestEddie Collins
63.4%
American League EastBobby Grich
62%
American League EastTony Lazzeri
62%
American League WestBobby Grich
62%
American League CentralNap Lajoie
60.6%
National League EastLuis Castillo
56.3%
National League EastJosé Vidro
50.7%
National League WestKetel Marte
49.3%
National League CentralJim Gantner
47.9%
National League EastEdgardo Alfonzo
45.1%
National League EastMarcus Giles
38%
National League WestMark Loretta
32.4%
Remove Ads.
Support Sporcle.
Get the best of Sporcle when you Go Orange. This ad-free experience offers more features, more stats, and more fun while also helping to support Sporcle. Thank you for becoming a member.

You're not logged in!

Compare scores with friends on all Sporcle quizzes.
OR
Log In

Sporcle TV

Today on Sporcle TV


Watch our educational content, quiz creation guides, and fun videos on Sporcle TV.

Show Comments

Extras

Top Quizzes Today


Score Distribution

Paid Content

Your Account Isn't Verified!

In order to create a playlist on Sporcle, you need to verify the email address you used during registration. Go to your Sporcle Settings to finish the process.

Report this User

Report this user for behavior that violates our Community Guidelines.

Details: